[Event "Coppa del Mondo FIDE 2025"]
[Site "Goa"]
[Date "06.11.2025"]
[Round "1D"]
[White "Abdusattorov, Nodirbek"]
[Black "Makhnev, Denis"]
[Result "1-0"]
[WhiteElo "2750"]
[BlackElo "2525"]
[EventDate "2025.11.01"]
[EventType "k.o."]

1. e4 e5 2. Nf3 Nc6 3. d4 exd4 4. Nxd4 Bc5 5. Be3 Qf6 6. c3 Nge7 7. Bc4 Ne5
8. Be2 Qg6 9. O-O O-O 10. Nd2 d6 11. Bh5 Qf6 12. f4 N5c6 13. N2b3 Bb6 14.
Qd2 Nxd4 15. Nxd4 d5 16. e5 Qh4 17. Bf3 c6 18. Bf2 Qh6 19. b4 Qg6 20. Qe2
Nf5 21. Rad1 Nxd4 22. Bxd4 Bf5 23. Kh1 Rfe8 24. Rfe1 Bc2 25. Rd2 Bf5 26. a4
Qh6 27. Qe3 f6 28. a5 Bc7 29. a6 bxa6 30. Qf2 fxe5 31. fxe5 Rf8 32. Be3 Qe6
33. Bc5 Rf7 34. Qd4 Re8 35. Rde2 Be4 36. Bxe4 dxe4 37. Qxe4 a5 38. Bxa7
axb4 39. cxb4 Qxe5 40. Qxe5 Rxe5 41. Rxe5 Bxe5 42. Bc5 Rf5 43. g4 Rg5 44.
h4 Rxg4 45. Rxe5 Rxh4+ 46. Kg2 Rh6 47. Kf3 Rf6+ 48. Ke4 h6 49. Bd4 Rg6 50.
Re7 Rg4+ 51. Ke3 Rg6 52. Kf4 h5 53. Kf5 Rg4 54. Re4 g6+ 55. Ke5 Rxe4+ 56.
Kxe4 Kf7 57. Ke5 Ke7 58. Be3 Kd7 59. Bg5 Kc7 60. Kd4 Kb6 61. Kc4 Kc7 62.
Kc5 Kb7 63. Bf4 h4 64. Bg5 h3 65. Bf4 g5 66. Bg3 g4 67. Bh2 g3 68. Bxg3 Ka6
69. Kxc6 Ka7 70. b5 Ka8 71. b6 1-0

[Event "Coppa del Mondo FIDE 2025"]
[Site "Goa"]
[Date "06.11.2025"]
[Round "1D"]
[White "Mamedyarov, Shakhriyar"]
[Black "Kantor, Gergely"]
[Result "1-0"]
[WhiteElo "2742"]
[BlackElo "2559"]
[EventDate "2025.11.01"]
[EventType "k.o."]

1. d4 e6 2. c4 Bb4+ 3. Bd2 a5 4. Nc3 f5 5. e4 fxe4 6. Nxe4 Nf6 7. Nxf6+
Qxf6 8. Nf3 Nc6 9. a3 Bxd2+ 10. Qxd2 O-O 11. Bd3 e5 12. d5 e4 13. Bxe4 Re8
14. Qe3 Qe7 15. Nd2 Ne5 16. O-O Nxc4 17. Bxh7+ Kxh7 18. Nxc4 b5 19. Rfe1
Qxe3 20. Nxe3 Bb7 21. Rac1 c6 22. Nf5 Rxe1+ 23. Rxe1 cxd5 24. Re7 Kg6 25.
g4 Bc6 26. Rxg7+ Kf6 27. f4 d4 28. Rh7 Bf3 29. h3 d3 30. Rxd7 Be2 31. Rd6+
Kf7 32. g5 Re8 33. Kf2 b4 34. axb4 axb4 35. h4 b3 36. Ng3 Bd1 37. Rxd3 Bc2
38. Rd7+ Ke6 39. Rd2 Ra8 40. f5+ Ke5 41. f6 Kf4 42. Rd4+ Ke5 43. Rb4 Rg8
44. Ke3 Rd8 45. f7 Rf8 46. Rf4 Bg6 47. Rf6 Bxf7 48. Ne4 Rh8 49. Rxf7 Rxh4
50. Nd2 Rh6 1-0

[Event "Coppa del Mondo FIDE 2025"]
[Site "Goa"]
[Date "06.11.2025"]
[Round "1D"]
[White "Niemann, Hans Moke"]
[Black "Lodici, Lorenzo"]
[Result "1/2-1/2"]
[WhiteElo "2738"]
[BlackElo "2560"]
[EventDate "2025.11.01"]
[EventType "k.o."]

1. e4 e5 2. Nf3 Nc6 3. Bc4 Nf6 4. d3 Be7 5. O-O O-O 6. Re1 d6 7. a4 Na5 8.
Ba2 c5 9. c3 h6 10. Na3 Re8 11. h3 Bf8 12. Bd2 Nc6 13. Nc4 Be6 14. Bb3 Rb8
15. Ne3 d5 16. exd5 Nxd5 17. Nc4 f6 18. Qe2 Qd7 19. Bc2 Nb6 20. Nxb6 axb6
21. Nh4 g5 22. Nf3 Bg7 23. b4 cxb4 24. cxb4 Bd5 25. Qd1 Bxf3 26. Qxf3 Nd4
27. Qd1 Nxc2 28. Qxc2 b5 29. axb5 Red8 30. Qc4+ Kh8 31. b6 Qxd3 32. Qxd3
Rxd3 33. Be3 Kg8 34. Rec1 Bf8 35. Bc5 Rd7 36. Rd1 Rf7 37. Rd5 Kg7 38. g4 h5
39. Rad1 Rc8 40. gxh5 Bxc5 41. Rxc5 Rcf8 42. Rc7 Kh6 43. Rdd7 Rxd7 44. Rxd7
Kxh5 45. Rxb7 Rd8 46. b5 Kg6 47. Ra7 Rd5 48. Ra5 Rd6 49. Ra6 Rd5 50. Ra5
Rd6 51. Kf1 Rxb6 52. Ke2 e4 53. Ke3 Kf5 54. Kd4 Kf4 55. Kc5 Rb8 56. b6 Kf3
57. Ra2 f5 58. Kc6 f4 59. b7 e3 60. fxe3 fxe3 61. Ra3 Kf4 62. Ra2 Kf3 63.
Ra3 Kf4 64. Ra8 Rxb7 65. Kxb7 e2 66. Re8 Kg3 67. Rxe2 Kxh3 68. Re3+ Kg2 69.
Kc6 Kf2 70. Re4 Kf3 71. Kd5 g4 72. Ra4 g3 73. Ra3+ Kf2 74. Ke4 g2 75. Ra2+
Kg3 76. Ra1 Kf2 1/2-1/2

[Event "Coppa del Mondo FIDE 2025"]
[Site "Goa"]
[Date "06.11.2025"]
[Round "1D"]
[White "Yu, Yangyi"]
[Black "Blohberger, Felix"]
[Result "1-0"]
[WhiteElo "2720"]
[BlackElo "2513"]
[EventDate "2025.11.01"]
[EventType "k.o."]

1. c4 Nf6 2. Nc3 e5 3. Nf3 Nc6 4. g3 d5 5. cxd5 Nxd5 6. Bg2 Bc5 7. O-O O-O
8. d3 h6 9. a3 a5 10. Qc2 Nf6 11. e3 Bf5 12. Rd1 Qd7 13. Ne4 Nxe4 14. dxe4
Bxe4 15. Rxd7 Bxc2 16. Rxc7 Rfd8 17. Nd2 Rab8 18. Bxc6 bxc6 19. Rxc6 Rbc8
20. Rxc8 Rxc8 21. Nc4 Rd8 22. Bd2 a4 23. Rc1 Bb3 24. Ba5 Rd5 25. Be1 Rd1
26. Rxd1 Bxd1 27. Nxe5 Be2 28. Bb4 Bb6 29. Bc3 f6 30. Nd7 Bc7 31. Nc5 Bb5
32. Bd4 Kf7 33. f3 h5 34. Kf2 Bd6 35. Ne4 Ke6 36. Nc3 Bc6 37. e4 g6 38. Ke3
f5 39. e5 Be7 40. h4 Bd8 41. Ne2 g5 42. hxg5 Bxg5+ 43. f4 Bd8 44. Ba7 Kd5
45. Nd4 Bd7 46. Nf3 Kc4 47. Bd4 Kd5 48. Ng5 Bxg5 49. fxg5 Be8 50. Bc3 Ke6
1-0

[Event "Coppa del Mondo FIDE 2025"]
[Site "Goa"]
[Date "06.11.2025"]
[Round "1D"]
[White "Oro, Faustino"]
[Black "Vidit, Santosh Gujrathi"]
[Result "0-1"]
[WhiteElo "2509"]
[BlackElo "2716"]
[EventDate "2025.11.01"]
[EventType "k.o."]

1. e4 e5 2. Nf3 Nc6 3. Bc4 Bc5 4. O-O Nf6 5. d3 d6 6. c3 a5 7. Re1 O-O 8.
h3 Be6 9. Bb5 Ba7 10. Nbd2 Ne7 11. d4 Ng6 12. Ba4 Nh5 13. Nxe5 dxe5 14.
Qxh5 exd4 15. Nf3 dxc3 16. bxc3 h6 17. Bc2 Qe7 18. Nd4 Qc5 19. Qxc5 Bxc5
20. Be3 Bc4 21. f4 b6 22. g3 Rfd8 23. Red1 Ne7 24. Kf2 Ba3 25. Bc1 Bxc1 26.
Rdxc1 a4 27. Ke3 b5 28. Nf3 Nc6 29. Rd1 Na5 30. Ne5 Rxd1 31. Bxd1 f6 32.
Nf3 c5 33. Nd2 Be6 34. Be2 b4 35. cxb4 cxb4 36. Nf3 Rc8 37. Rb1 b3 38. axb3
Nxb3 39. Bd1 Rc3+ 40. Kf2 a3 41. Bxb3 Bxb3 42. Ra1 a2 43. Nd4 Bc4 44. e5
fxe5 45. fxe5 Rd3 46. Nf3 Bd5 47. Ne1 Rc3 48. g4 Rxh3 49. Ke2 Rh2+ 50. Kd3
Rb2 51. Nc2 Rb1 52. Kc3 Kf7 0-1

[Event "Coppa del Mondo FIDE 2025"]
[Site "Goa"]
[Date "06.11.2025"]
[Round "1D"]
[White "Nihal, Sarin"]
[Black "Kourkoulos-Arditis, Stamatis"]
[Result "1/2-1/2"]
[WhiteElo "2700"]
[BlackElo "2583"]
[EventDate "2025.11.01"]
[EventType "k.o."]

1. Nf3 d5 2. e3 Nf6 3. b3 e6 4. Bb2 b6 5. c4 Bb7 6. Nc3 Nbd7 7. Rc1 a6 8.
cxd5 exd5 9. Ne2 c5 10. g3 Bd6 11. Bg2 O-O 12. O-O b5 13. d3 Re8 14. Rc2
Bf8 15. Qb1 Rc8 16. Rfc1 Qb6 17. Nf4 a5 18. Qa1 a4 19. bxa4 b4 20. Ne5 Nxe5
21. Bxe5 Ng4 22. Bb2 Qh6 23. h3 Nxe3 24. fxe3 Rxe3 25. Rf1 Rxg3 26. Qe1 Rg5
27. Bc1 d4 28. Kh2 Bxg2 29. Rxg2 Bd6 30. Rxg5 Qxg5 31. Qe4 Qe5 32. Qxe5
Bxe5 33. Kg2 Ra8 34. Nd5 Rxa4 35. Rf2 Ra6 36. Rc2 f6 37. Kf3 Kf7 38. Bf4
Ke6 39. Rxc5 Rxa2 40. Nxb4 Ra1 41. Bxe5 fxe5 42. Rc6+ Kf5 43. Rc7 Rf1+ 44.
Ke2 Rh1 45. Rf7+ Ke6 46. Rf3 Rh2+ 47. Kd1 e4 48. dxe4 Ke5 49. Nd3+ Kxe4 50.
Rg3 h5 51. Ne1 Kf4 52. Rf3+ Ke4 53. Ra3 g5 54. Nf3 Rg2 55. Nd2+ Kf4 56.
Rf3+ Ke5 57. Rf8 g4 58. h4 Rh2 59. Ke1 Rxh4 60. Re8+ Kd5 61. Rg8 Rh3 62.
Rg5+ Ke6 63. Nf1 Kf6 64. Rd5 d3 65. Kd2 Ke6 66. Rg5 Kf6 67. Rg8 Kf7 68. Rh8
g3 69. Ne3 g2 70. Nxg2 Rh2 71. Kxd3 Rxg2 72. Rxh5 Rg4 73. Re5 Kf6 74. Re4
Rxe4 75. Kxe4 1/2-1/2

[Event "Coppa del Mondo FIDE 2025"]
[Site "Goa"]
[Date "06.11.2025"]
[Round "1D"]
[White "Tin, Jingyao"]
[Black "Sevian, Samuel"]
[Result "0-1"]
[WhiteElo "2583"]
[BlackElo "2698"]
[EventDate "2025.11.01"]
[EventType "k.o."]

1. c4 e6 2. Nc3 d5 3. d4 c5 4. cxd5 exd5 5. Nf3 Nc6 6. dxc5 d4 7. Na4 Bxc5
8. Nxc5 Qa5+ 9. Bd2 Qxc5 10. b4 Qb6 11. a4 a6 12. e3 dxe3 13. fxe3 Nf6 14.
b5 axb5 15. axb5 Rxa1 16. Qxa1 Ne7 17. Qa3 Qd8 18. Bc4 O-O 19. O-O Be6 20.
Bxe6 fxe6 21. Ba5 Qd7 22. Bb4 Re8 23. Bc5 Nf5 24. Qb4 Qd3 25. Ne5 Qd5 26.
Bd4 Ra8 27. Nf3 Ne4 28. b6 h6 29. Qb2 Ra2 30. Qc1 Ng5 31. Bb2 Nxe3 32. Bxg7
Nxf3+ 33. Rxf3 Rxg2+ 0-1

[Event "Coppa del Mondo FIDE 2025"]
[Site "Goa"]
[Date "06.11.2025"]
[Round "1D"]
[White "Dubov, Daniil"]
[Black "Bai, Jinshi"]
[Result "1/2-1/2"]
[WhiteElo "2684"]
[BlackElo "2590"]
[EventDate "2025.11.01"]
[EventType "k.o."]

1. e4 e5 2. Nf3 Nf6 3. Nxe5 d6 4. Nf3 Nxe4 5. Nc3 Nxc3 6. dxc3 Be7 7. Be3
O-O 8. Bd3 Nd7 9. O-O Nc5 10. Bxc5 dxc5 11. Re1 Bd6 12. Nd2 Qh4 13. g3 Qh6
14. Nc4 Qf6 15. Be4 Rd8 16. Nxd6 cxd6 17. Re3 Bf5 18. Bd5 Be6 19. Qd2 Bxd5
20. Qxd5 Rd7 21. Rae1 g6 22. Kg2 Rf8 23. a4 Kg7 24. Re4 b6 25. R1e3 Qd8 26.
c4 Qa8 27. Rd3 Qxd5 28. Rxd5 Rb8 29. Re3 Kf8 30. Kf3 Re8 31. Red3 Re6 32.
a5 Rf6+ 33. Kg2 Re6 34. Kf1 Ke7 35. Ra3 Rb7 36. axb6 axb6 37. Rdd3 b5 38.
cxb5 Rxb5 39. Ra7+ Kf8 40. b3 Rb6 41. Rd7 Ke8 42. Rc7 Kf8 43. Rd7 Ke8 44.
Ra7 Kf8 45. h4 h5 46. Kg2 Re7 47. Ra2 Kg7 48. Kf3 d5 49. Re3 Rc7 50. Ra4 d4
51. Rd3 Re7 52. Rd2 Re5 53. Rc4 Kf6 54. Re2 Rf5+ 55. Ke4 Ra6 56. f4 Ra1 57.
Kf3 Rb1 58. Re5 Rxe5 59. fxe5+ Kxe5 60. Rxc5+ Kd6 61. Rc8 Re1 62. Kf2 Re7
63. Rd8+ Ke5 64. Rc8 Kd5 65. c3 Rb7 66. Rd8+ Ke6 67. Rxd4 Rxb3 68. Rd3 Rb1
69. Ke3 Rg1 1/2-1/2

[Event "Coppa del Mondo FIDE 2025"]
[Site "Goa"]
[Date "06.11.2025"]
[Round "1D"]
[White "Yilmaz, Mustafa"]
[Black "Bu, Xiangzhi"]
[Result "1-0"]
[WhiteElo "2591"]
[BlackElo "2672"]
[EventDate "2025.11.01"]
[EventType "k.o."]

1. d4 d5 2. c4 c6 3. Nf3 Nf6 4. Nc3 dxc4 5. a4 Bf5 6. Ne5 Nbd7 7. Nxc4 Nb6
8. Ne5 a5 9. e3 Nbd7 10. Nc4 e6 11. f3 Nb6 12. e4 Nxc4 13. Bxc4 Bg6 14. Be3
Bb4 15. O-O O-O 16. Qb3 Nd7 17. Rac1 Qb6 18. Ne2 Qc7 19. Nf4 Bd6 20. e5 Be7
21. Kh1 Rfe8 22. g3 Nb6 23. h4 Nd5 24. Bxd5 exd5 25. Nxd5 Qd7 26. Nf4 Rad8
27. Kg2 Bf5 28. g4 Bxg4 29. fxg4 Qxg4+ 30. Kh2 Bxh4 31. Rg1 Qf3 32. Rcf1
Bg3+ 33. Rxg3 Qxf1 34. Qc2 Rxd4 35. Bxd4 Qxf4 36. Bc3 Re6 37. Kg2 h5 38.
Qe2 Qxa4 39. Qxh5 Qc2+ 40. Kf1 Qc1+ 41. Kf2 Qc2+ 42. Qe2 Qxe2+ 43. Kxe2 f6
44. Kd3 fxe5 45. Bxa5 e4+ 46. Ke3 Kf7 47. Bc3 g6 48. Rh3 b6 49. Rh7+ Ke8
50. b4 Kd8 51. Rb7 c5 52. b5 Kc8 53. Rh7 Re8 54. Bf6 Re6 55. Bg5 Re5 56.
Bf4 Rf5 57. Kxe4 c4 58. Be5 Kd8 59. Kd5 c3 60. Ke6 Kc8 61. Rc7+ 1-0

[Event "Coppa del Mondo FIDE 2025"]
[Site "Goa"]
[Date "06.11.2025"]
[Round "1D"]
[White "Sargsyan, Shant"]
[Black "Cori, Jorge"]
[Result "1-0"]
[WhiteElo "2667"]
[BlackElo "2594"]
[EventDate "2025.11.01"]
[EventType "k.o."]

1. e4 e5 2. Nf3 Nc6 3. Bb5 Nf6 4. d3 d6 5. d4 Bd7 6. d5 Ne7 7. Bd3 g6 8. c4
Bg7 9. Nc3 O-O 10. O-O Nh5 11. Re1 h6 12. b4 Nf4 13. Bf1 g5 14. Nd2 Neg6
15. c5 Qf6 16. Nc4 Nh4 17. Ne3 g4 18. c6 bxc6 19. dxc6 Be6 20. Ncd5 Nxd5
21. Nxd5 Qd8 22. a4 f5 23. exf5 Nxf5 24. Bc4 Nd4 25. Be3 Nxc6 26. Rc1 Kh8
27. b5 Na5 28. Be2 Rc8 29. Bxg4 Bxg4 30. Qxg4 c6 31. bxc6 Nxc6 32. Qh3 Kh7
33. Qg4 Qe8 34. h4 h5 35. Qe4+ Kh8 36. Rc4 Ne7 37. Nxe7 Qxe7 38. Rxc8 Rxc8
39. Qf5 Qe8 40. Rd1 Rd8 41. a5 Rd7 42. Rd5 Kg8 43. a6 Qf7 44. Qe4 Qe6 45.
Rb5 d5 46. Rb8+ Kf7 47. Qh7 Qxa6 48. Bg5 Rc7 49. Qg8+ Kg6 50. Rf8 d4 51.
Rf6+ Qxf6 52. Bxf6 Kxf6 53. Qd8+ Re7 54. Kf1 Kf7 55. Ke2 e4 56. Qd5+ Kf8
57. Qf5+ Kg8 58. Qxh5 d3+ 59. Kd1 Re5 60. Qg6 Kh8 61. h5 e3 62. fxe3 Rxe3
63. Kd2 Bd4 64. Qh6+ Kg8 65. Qxe3 Bxe3+ 66. Kxe3 Kg7 67. Kxd3 Kh6 68. g4
1-0

[Event "Coppa del Mondo FIDE 2025"]
[Site "Goa"]
[Date "06.11.2025"]
[Round "1D"]
[White "Idani, Pouya"]
[Black "Karthikeyan, Murali"]
[Result "1-0"]
[WhiteElo "2601"]
[BlackElo "2662"]
[EventDate "2025.11.01"]
[EventType "k.o."]

1. e4 e5 2. Nf3 Nc6 3. Bc4 Nf6 4. d4 exd4 5. e5 d5 6. Bb5 Ne4 7. Nxd4 Bc5
8. Be3 O-O 9. Bxc6 bxc6 10. Nd2 Nxd2 11. Qxd2 Bd7 12. Nb3 Bb6 13. O-O Re8
14. Qc3 Qe7 15. f4 f6 16. Bc5 Bf5 17. Rae1 fxe5 18. Rxe5 Qf6 19. a4 a5 20.
Nd4 Be4 21. Bxb6 cxb6 22. Nxc6 Re6 23. Rxe6 Qxe6 24. f5 Qf6 25. Qxf6 gxf6
26. Nd4 Rc8 27. c3 Kf7 28. Kf2 h5 29. g3 Ke7 30. Ke3 Rg8 31. Rf4 Rg5 32.
Rh4 Bxf5 33. Nf3 Bg4 34. Nxg5 fxg5 35. Rxg4 hxg4 36. Kd4 Kd6 37. b4 Ke6 38.
bxa5 bxa5 39. c4 dxc4 40. Kxc4 Ke5 41. Kb5 1-0

[Event "Coppa del Mondo FIDE 2025"]
[Site "Goa"]
[Date "06.11.2025"]
[Round "1D"]
[White "Dardha, Daniel"]
[Black "Oparin, Grigoriy"]
[Result "1/2-1/2"]
[WhiteElo "2605"]
[BlackElo "2661"]
[EventDate "2025.11.01"]
[EventType "k.o."]

1. Nf3 g6 2. d4 Bg7 3. g3 d6 4. Bg2 Nf6 5. O-O O-O 6. c4 Nc6 7. Nc3 Rb8 8.
Bf4 a6 9. Rc1 Bd7 10. a3 Na5 11. Nd5 b5 12. Nxf6+ Bxf6 13. cxb5 axb5 14.
Qc2 c6 15. e4 Bg7 16. Rfe1 h6 17. e5 Bf5 18. Qc3 g5 19. Be3 Rc8 20. Nd2 c5
21. dxc5 Bxe5 22. Qb4 Nc6 23. Qxb5 d5 24. b4 Bb2 25. Rcd1 Bc3 26. Nc4 Bxe1
27. Rxd5 Qc7 28. Rxf5 e6 29. Rf6 Ne5 30. Rxh6 Ng4 31. Rh5 f6 32. Nd6 Nxe3
33. fxe3 Rcd8 34. Qd3 Qg7 35. Qc4 Rxd6 36. cxd6 Qf7 37. g4 Rd8 38. Qc7 Qxc7
39. dxc7 Rc8 40. b5 Rxc7 41. Bc6 Ba5 42. e4 Bb6+ 43. Kf1 Ra7 44. Rh3 Kf8
45. Rh8+ Ke7 46. Rh7+ Kd6 47. Rxa7 Bxa7 48. Ke2 1/2-1/2

[Event "Coppa del Mondo FIDE 2025"]
[Site "Goa"]
[Date "06.11.2025"]
[Round "1D"]
[White "Mamedov, Rauf"]
[Black "Svane, Rasmus"]
[Result "1/2-1/2"]
[WhiteElo "2655"]
[BlackElo "2614"]
[EventDate "2025.11.01"]
[EventType "k.o."]

1. e4 e5 2. Nf3 Nc6 3. Bc4 Nf6 4. d3 Bc5 5. c3 a5 6. O-O d6 7. Re1 O-O 8.
h3 Be6 9. Nbd2 Bxc4 10. Nxc4 h6 11. a4 Re8 12. Be3 Bxe3 13. Nxe3 Qd7 14.
Qb3 b6 15. Rad1 Rad8 16. Qc4 Ne7 17. Qb5 Ng6 18. Qxd7 Nxd7 19. b4 Ra8 20.
Nd5 Ra7 21. b5 Ne7 22. d4 Nxd5 23. exd5 f6 24. g4 1/2-1/2

[Event "Coppa del Mondo FIDE 2025"]
[Site "Goa"]
[Date "06.11.2025"]
[Round "1D"]
[White "Suleymanli, Aydin"]
[Black "Deac, Bogdan-Daniel"]
[Result "1/2-1/2"]
[WhiteElo "2614"]
[BlackElo "2655"]
[EventDate "2025.11.01"]
[EventType "k.o."]

1. e4 e5 2. Nf3 Nc6 3. Bc4 Nf6 4. d3 Be7 5. O-O O-O 6. Re1 d6 7. a4 Na5 8.
Ba2 c5 9. c3 Nc6 10. Na3 h6 11. Bd2 a6 12. h3 Bd7 13. Nc2 b5 14. axb5 axb5
15. Ne3 Be6 16. Bxe6 fxe6 17. Qb3 Qd7 18. Qxb5 Rab8 19. Qa4 Rxb2 20. Nc4
Rb7 21. Qa2 Rfb8 22. Qc2 Ra7 23. Reb1 Qc7 24. Rxb8+ Qxb8 25. Rxa7 Qxa7 26.
Qb3 Qb8 27. Qa2 Qa7 28. Qb3 Qb8 29. Qa4 Qb7 30. g4 Nd8 31. Kg2 Nf7 32. Na5
Qd7 33. Nc6 Nd8 34. Nxe7+ Qxe7 35. g5 hxg5 36. Nxg5 Nh7 37. h4 Nf7 38. Qa8+
Nf8 39. Nf3 Qd8 40. Qb7 Qd7 41. Qb8 Qd8 42. Qxd8 Nxd8 43. Bg5 Nf7 44. h5
Nd7 45. Be7 Nb6 46. c4 Nc8 47. Bh4 Na7 48. Kf1 Nc6 49. Nh2 Kf8 50. Ng4 Nd4
51. Bg3 Ke7 52. f4 exf4 53. Bxf4 e5 54. Bc1 Ke6 55. Ne3 Nb3 56. Bb2 Kf6 57.
Kf2 Kg5 58. Nf5 Kxh5 59. Nxg7+ Kg6 60. Ne8 Na5 61. Ke3 Nc6 62. Bc3 Kg5 63.
Kf3 Kg6 64. Kg4 Nb4 65. Nxd6 Nxd6 66. Bxe5 Nf7 67. Bf4 Nxd3 68. Be3 Nfe5+
69. Kg3 Kf6 70. Bg1 Ke6 71. Be3 Nc6 72. Bxc5 Nxc5 73. e5 Kxe5 74. Kf3 Ne7
75. Ke3 Nf5+ 76. Kf3 Nd4+ 77. Ke3 Nde6 78. Kf3 Kd4 79. Kg4 Ke4 80. Kg3 Nd4
81. Kg4 Nf3 82. Kg3 Ne5 83. Kg2 Ke3 84. Kg3 Ne4+ 85. Kg2 Ng6 86. c5 Nf4+
87. Kf1 Nd2+ 88. Ke1 Nd3+ 89. Kd1 Nxc5 90. Kc2 Nde4 1/2-1/2

[Event "Coppa del Mondo FIDE 2025"]
[Site "Goa"]
[Date "06.11.2025"]
[Round "1D"]
[White "Wojtaszek, Radoslaw"]
[Black "Lagarde, Maxime"]
[Result "1-0"]
[WhiteElo "2654"]
[BlackElo "2617"]
[EventDate "2025.11.01"]
[EventType "k.o."]

1. Nf3 g6 2. e4 c5 3. c4 Nc6 4. d4 cxd4 5. Nxd4 Nf6 6. Nc3 Nxd4 7. Qxd4 d6
8. f3 Bg7 9. Be3 O-O 10. Qd2 a5 11. b3 a4 12. b4 a3 13. Rc1 Be6 14. Be2 Nd7
15. O-O Nb6 16. Nb5 Bb2 17. Rc2 Rc8 18. c5 dxc5 19. bxc5 Qxd2 20. Bxd2 Bxa2
21. Nxa3 Bd4+ 22. Kh1 Bb3 23. Rcc1 Nd7 24. Rb1 Nxc5 25. Nb5 Bf6 26. Na7 Ra8
27. Be3 Rxa7 28. Bxc5 Ra2 29. Rxb3 Rxe2 30. Rxb7 Rc8 31. Bxe7 Bxe7 32. Rxe7
Rcc2 33. Rg1 Rf2 34. h4 h6 35. Rd7 Kg7 36. Rd3 h5 37. Kh2 Rfd2 38. Rxd2
Rxd2 39. Kg3 Ra2 40. Kf4 Rb2 41. g3 Rb3 42. Ra1 Rc3 43. Ra7 Rb3 44. Rd7 Ra3
45. Rd5 Rb3 46. g4 hxg4 47. Kxg4 Ra3 48. h5 gxh5+ 49. Rxh5 Kf6 50. Rb5 Re3
51. Kf4 Ra3 52. Rb6+ Ke7 53. e5 Ra4+ 54. Kf5 Ra5 55. f4 Rc5 56. Kg5 Ra5 57.
Rb7+ Ke8 58. f5 Rxe5 59. Kf6 Ra5 60. Rb8+ Kd7 61. Rf8 Rb5 62. Rxf7+ Ke8 63.
Ra7 Rb1 64. Ra8+ Kd7 65. Kg7 Rg1+ 66. Kf7 Rf1 67. f6 Rf3 68. Ra1 Rd3 69.
Re1 Rd2 70. Kf8 Rd3 71. f7 Rd2 72. Rg1 1-0

[Event "Coppa del Mondo FIDE 2025"]
[Site "Goa"]
[Date "06.11.2025"]
[Round "1D"]
[White "Narayanan, S.L."]
[Black "Vitiugov, Nikita"]
[Result "1/2-1/2"]
[WhiteElo "2617"]
[BlackElo "2654"]
[EventDate "2025.11.01"]
[EventType "k.o."]

1. d4 Nf6 2. c4 e6 3. Nf3 d5 4. Nc3 Be7 5. Bg5 h6 6. Bh4 O-O 7. e3 b6 8.
Bxf6 Bxf6 9. cxd5 exd5 10. Qb3 Bb7 11. Rd1 Re8 12. Bd3 c5 13. dxc5 Nd7 14.
O-O Nxc5 15. Qc2 Rc8 16. Bf5 Ne6 17. Qa4 a5 18. Qb3 Bxc3 19. bxc3 Ba6 20.
Rfe1 Bc4 21. Qb2 Qf6 22. Bxe6 fxe6 23. Qxb6 Qxc3 24. Rc1 Qb4 25. Qxb4 axb4
26. Rb1 Rb8 27. Rb2 e5 28. Reb1 Bd3 29. Rd1 Bc4 30. Rdb1 Bd3 31. Rd1 Bc4
1/2-1/2

[Event "Coppa del Mondo FIDE 2025"]
[Site "Goa"]
[Date "06.11.2025"]
[Round "1D"]
[White "Theodorou, Nikolas"]
[Black "Indjic, Aleksandar"]
[Result "1-0"]
[WhiteElo "2652"]
[BlackElo "2618"]
[EventDate "2025.11.01"]
[EventType "k.o."]

1. Nf3 c5 2. g3 Nc6 3. c4 g6 4. Bg2 Bg7 5. Nc3 d6 6. Rb1 h5 7. a3 Nh6 8. b4
Bf5 9. Rb3 O-O 10. h3 Qc8 11. d3 Re8 12. Nd5 Be6 13. Ng5 Bd7 14. Ne4 Nf5
15. Rb1 cxb4 16. axb4 b5 17. cxb5 Ncd4 18. b6 Nc2+ 19. Kf1 Ba4 20. Qd2 Ncd4
21. b7 Qxb7 22. Ndf6+ exf6 23. Nxf6+ Bxf6 24. Bxb7 Rab8 25. Be4 d5 26. Bxf5
Nxf5 27. g4 Nd4 28. Bb2 h4 29. Bxd4 Bxd4 30. Kg2 Bc6 31. Rhc1 Rb6 32. Qa2
Ba8 33. Qxa7 Rxb4 34. Qd7 Rxe2 35. Rxb4 Rxf2+ 36. Kh1 1-0

[Event "Coppa del Mondo FIDE 2025"]
[Site "Goa"]
[Date "06.11.2025"]
[Round "1D"]
[White "Sargissian, Gabriel"]
[Black "Rodshtein, Maxim"]
[Result "1/2-1/2"]
[WhiteElo "2624"]
[BlackElo "2647"]
[EventDate "2025.11.01"]
[EventType "k.o."]

1. d4 Nf6 2. c4 e6 3. Nf3 d5 4. g3 Bb4+ 5. Bd2 Be7 6. Bg2 O-O 7. O-O Nbd7
8. Qc2 c6 9. Rd1 b6 10. Bf4 Bb7 11. Ne5 Nh5 12. Bd2 Nhf6 13. cxd5 cxd5 14.
Nc6 Bxc6 15. Qxc6 Rc8 16. Qb5 Ne8 17. Nc3 Nd6 18. Qb3 b5 19. a4 b4 20. Nb5
a5 21. Nxd6 Bxd6 22. Qd3 Qb6 23. Rac1 f5 24. e3 Nf6 25. Bf1 Ne4 26. Be1 Rc7
27. Qa6 Qxa6 28. Bxa6 Ra8 29. Rxc7 Bxc7 30. Rc1 Rxa6 31. Rxc7 Nd6 32. b3
Ne8 33. Rc5 g5 34. h3 h5 35. g4 hxg4 36. hxg4 fxg4 37. e4 Nf6 38. exd5 exd5
39. Bd2 Ne4 40. Rc8+ Kf7 41. Be3 Kg6 42. Kg2 Kf5 43. Re8 Kg6 44. Re5 Rd6
45. Re8 Ra6 46. Re5 Rd6 1/2-1/2

[Event "Coppa del Mondo FIDE 2025"]
[Site "Goa"]
[Date "06.11.2025"]
[Round "1D"]
[White "Artemiev, Vladislav"]
[Black "Martirosyan, Haik M."]
[Result "1-0"]
[WhiteElo "2646"]
[BlackElo "2626"]
[EventDate "2025.11.01"]
[EventType "k.o."]

1. c4 e5 2. g3 Nf6 3. Bg2 d5 4. cxd5 Nxd5 5. Nf3 Nc6 6. O-O Nb6 7. Nc3 Be7
8. Rb1 Bf5 9. d3 Qd7 10. a3 O-O 11. Be3 f6 12. Rc1 Rfd8 13. b4 a5 14. Bc5
axb4 15. axb4 Kh8 16. Nd2 Rab8 17. Rb1 Nd4 18. Re1 Bg4 19. Nb3 Be6 20. Nxd4
exd4 21. Ne4 Bd5 22. Qc2 Re8 23. Rbc1 f5 24. Bxe7 Qxe7 25. Nc5 c6 26. Qb2
Bxg2 27. Kxg2 Qd6 28. b5 Re5 29. bxc6 bxc6 30. Na6 Rb7 31. Qb4 Qxb4 32.
Nxb4 c5 33. Nc6 Rd5 34. Rb1 h6 35. Rb5 Rd6 36. Rxc5 Rc7 37. Rec1 Na4 38.
R5c4 Nb6 39. Rc5 Na4 40. R5c2 Kh7 41. Kf1 Rcd7 42. Ra1 Nb6 43. Ne5 Re7 44.
Nf3 Red7 45. Ra6 Rd8 46. Nxd4 Rxd4 47. Rxb6 f4 48. Kg2 Rf8 49. f3 Re8 50.
Rb7 Ra4 51. Kf2 fxg3+ 52. hxg3 Re6 53. Rbc7 Ra1 54. R2c6 Re5 55. Rc5 Re6
56. Rc1 Ra2 57. R7c2 Ra3 58. d4 Rd6 59. Rd2 g5 60. d5 Kg7 61. Rc7+ Kf6 62.
Rc6 Ke7 63. g4 Ra5 64. Rxd6 Kxd6 65. e4 Ra1 66. Kg3 Ra6 67. Rc2 Rb6 68.
Rc6+ Rxc6 69. dxc6 Kxc6 70. f4 Kc5 71. f5 Kd6 72. f6 Ke6 73. e5 Kf7 74. Kf3
Ke6 75. Ke4 1-0

[Event "Coppa del Mondo FIDE 2025"]
[Site "Goa"]
[Date "06.11.2025"]
[Round "1D"]
[White "Cheparinov, Ivan"]
[Black "Adams, Michael"]
[Result "1/2-1/2"]
[WhiteElo "2626"]
[BlackElo "2646"]
[EventDate "2025.11.01"]
[EventType "k.o."]

1. e4 e5 2. Nf3 Nc6 3. Bb5 a6 4. Ba4 Nf6 5. O-O Be7 6. Re1 b5 7. Bb3 O-O 8.
a4 Rb8 9. c3 d6 10. d4 exd4 11. cxd4 d5 12. e5 Ne4 13. Nbd2 Bf5 14. Bc2
Nxd2 15. Bxd2 Bg4 16. Be3 Nb4 17. Bb1 Qd7 18. h3 Bf5 19. Bxf5 Qxf5 20. Re2
bxa4 21. Qxa4 Rb6 22. Rc1 Rc8 23. Rd2 h6 24. Qd1 Na2 25. Ra1 Nb4 26. Rc1
Na2 27. Ra1 Nb4 28. Rc1 1/2-1/2